00620cam a22002177a 4500003000500000005001700005008004100022010001000063011001000073020001500083035001100098040000900109082001200118245006600130250001200196260003100208300007300239500004200312650002800354700002000382CHAP20240517110719.0050525d2003 us ad rd 00110 eng d a90334 a91306 a0582776465 a101864 cCHAP04a423bL610aLongman dictionary of contemporary Englishc/by Della Summers aNew ed. aNew York :bLongman,c2003 a1949 p. :bilus. ; gráfs. cuadros ; + 1 disco compacto 4 3/4 plgs. aEn la portada: The Living Dictionary.14aInglésxDiccionarios.0 aSummers, Della.